Ústredie slovenských katolíckych intelektuálov (ÚSKI) - pokračovanie Ústredia slovenských katolíckych študentov (ÚSKŠ) v exile v rokoch 1945-1990

Bibliographic Details
Main Author: Gunčaga, Ján, 1923-2010 (Author)
Format: Article
Language:Slovak
ISBN:8070904534
Subjects:

MARC

LEADER 00000nab a2200000 a 4500
001 vtls000678871
003 SK-MaSNL
005 20260302190055.0
008 040806c1998 xo 0 slo
015 |a SNBRA1998/11-32037 
035 |a CLN000031040 
040 |a SNKBUCL  |b slo  |c SNKBUCL  |e AACR2 
041 0 |a slo 
044 |a xo  |c SK 
080 |a 323.113(=854)(100):061.2  |2 UDC-MRF-SK2 
080 |a 325.254:32(100=854)  |2 UDC-MRF-SK2 
100 1 |a Gunčaga, Ján,  |d 1923-2010  |4 aut  |9 205317 
245 1 0 |a Ústredie slovenských katolíckych intelektuálov (ÚSKI) - pokračovanie Ústredia slovenských katolíckych študentov (ÚSKŠ) v exile v rokoch 1945-1990 
504 |a Pozn. 
610 7 |a Ústredie slovenských katolíckych intelektuálov  |2 snkbucl  |9 744937 
650 0 7 |a exil slovenský  |y po r. 1945  |2 snkbucl  |9 903545 
655 7 |a články zo zborníkov  |2 snkbucl  |9 166140 
773 0 |z 8070904534  |t Slovenský povojnový exil  |d Martin : Matica slovenská, 1998  |g S. 269-278 
850 |a Slovenská národná knižnica v Martine 
852 |a SNK  |b KIS3GCP 
999 |c 1432011  |d 1433941